DERUAN ANDRENALIN : (Record no. 178165)
[ view plain ]
| 000 -LEADER | |
|---|---|
| fixed length control field | 01773cam a2200505 i 4500 |
| 001 - CONTROL NUMBER | |
| control field | vtls000721432 |
| 003 - CONTROL NUMBER IDENTIFIER | |
| control field | PNM |
| 005 - DATE AND TIME OF LATEST TRANSACTION | |
| control field | 20200714144955.0 |
| 008 - FIXED-LENGTH DATA ELEMENTS--GENERAL INFORMATION | |
| fixed length control field | 160506t20142011my ao j 001 0 may |
| 015 ## - NATIONAL BIBLIOGRAPHY NUMBER | |
| National bibliography number | M14-07712 |
| 020 ## - INTERNATIONAL STANDARD BOOK NUMBER | |
| International Standard Book Number | 9789674302955 |
| Qualifying information | set |
| International Standard Book Number | 9789674302931 |
| Qualifying information | paperback |
| 039 #9 - LEVEL OF BIBLIOGRAPHIC CONTROL AND CODING DETAIL [OBSOLETE] | |
| Level of rules in bibliographic description | 201605062147 |
| Level of effort used to assign nonsubject heading access points | VLOAD |
| Level of effort used to assign subject headings | 201501021038 |
| Level of effort used to assign classification | norizan |
| Level of effort used to assign subject headings | 201409231006 |
| Level of effort used to assign classification | manoriah |
| Level of effort used to assign subject headings | 201407181654 |
| Level of effort used to assign classification | hishamuddin |
| 040 ## - CATALOGING SOURCE | |
| Original cataloging agency | BNM |
| Language of cataloging | eng |
| Transcribing agency | BNM |
| Modifying agency | PNM |
| -- | PPAK |
| Description conventions | rda |
| 049 ## - LOCAL HOLDINGS (OCLC) | |
| Holding library | klpmal |
| 082 04 - DEWEY DECIMAL CLASSIFICATION NUMBER | |
| Classification number | 796.22 |
| Edition number | 23 |
| 090 00 - LOCALLY ASSIGNED LC-TYPE CALL NUMBER (OCLC); LOCAL CALL NUMBER (RLIN) | |
| Classification number (OCLC) (R) ; Classification number, CALL (RLIN) (NR) | 796.22 |
| Feature heading | TEL |
| Feature heading | K |
| 100 1# - MAIN ENTRY--PERSONAL NAME | |
| Personal name | Teller, Jackson, |
| Relator term | author. |
| 240 10 - UNIFORM TITLE | |
| Uniform title | Adrenalin Rush: Skateboarding. |
| Language of a work | Malay |
| 245 10 - TITLE STATEMENT | |
| Title | DERUAN ANDRENALIN : |
| Remainder of title | LUNCUR PAPAN SELAJU / |
| Statement of responsibility, etc. | JACKSON TELLER ; Penterjemah Nursyazatul Nabihah Laili |
| 264 #1 - PRODUCTION, PUBLICATION, DISTRIBUTION, MANUFACTURE, AND COPYRIGHT NOTICE | |
| Place of production, publication, distribution, manufacture | Kuala Lumpur : |
| Name of producer, publisher, distributor, manufacturer | Institut Terjemahan & Buku Malaysia, |
| Date of production, publication, distribution, manufacture, or copyright notice | 2014 |
| Date of production, publication, distribution, manufacture, or copyright notice | ©2011 |
| 300 ## - PHYSICAL DESCRIPTION | |
| Extent | 32 pages : |
| Other physical details | colour photographs ; |
| Dimensions | 27 cm. |
| 336 ## - CONTENT TYPE | |
| Content type term | text |
| Source | rdacontent |
| 337 ## - MEDIA TYPE | |
| Media type term | unmediated |
| Source | rdamedia |
| 338 ## - CARRIER TYPE | |
| Carrier type term | volume |
| Source | rdacarrier |
| 490 1# - SERIES STATEMENT | |
| Series statement | SIRI SUKAN LASAK ITBM |
| 500 ## - GENERAL NOTE | |
| General note | Includes index |
| 650 10 - SUBJECT ADDED ENTRY--TOPICAL TERM | |
| Topical term or geographic name entry element | Skateboarding |
| Form subdivision | Juvenile literature |
| 700 0# - ADDED ENTRY--PERSONAL NAME | |
| Personal name | Nursyazatul Nabihah Laili, |
| Relator term | translator. |
| Relationship information | Translation of: |
| Personal name | Teller, Jackson. |
| Title of a work | Adrenalin Rush: Skateboarding |
| 765 0# - ORIGINAL LANGUAGE ENTRY | |
| Main entry heading | Teller, Jackson. |
| Title | Adrenalin Rush: Skateboarding |
| Place, publisher, and date of publication | London: Franklin Watts, 2011 |
| 830 #0 - SERIES ADDED ENTRY--UNIFORM TITLE | |
| Uniform title | Siri sukan lasak ITBM |
| 942 ## - ADDED ENTRY ELEMENTS (KOHA) | |
| Source of classification or shelving scheme | Dewey Decimal Classification |
| Koha item type | Book |
| 949 ## - LOCAL PROCESSING INFORMATION (OCLC) | |
| 6 | 1001221992 |
| e | 2248428 |
| 6 | 1001221993 |
| e | 2248429 |
| 6 | 1001221994 |
| e | 2248430 |
| 6 | 1001221995 |
| e | 2248431 |
| 6 | 1001221996 |
| e | 2248432 |
| 6 | 1001221997 |
| e | 2248433 |
| 6 | 1001221998 |
| e | 2248434 |
| 6 | 1001221999 |
| e | 2248435 |
| 6 | 2000217190 |
| a | 796.22 TEL M |
| 6 | 2000217191 |
| a | 796.22 TEL M |
| Withdrawn | Not for loan | Current library | Shelving location | Date acquired | Full call number | Barcode | Date last seen | Koha item type |
|---|---|---|---|---|---|---|---|---|
| Perpustakaan Langkawi | Pinjaman Kanak-kanak | 28/07/2020 | K 796.22 TEL | A00739379 | 28/07/2020 | Book |